000 01064nam a2200229Ia 4500
001 2510
003 GE_BSU
008 181216s||||||||xx |||||||||||||| ||und||
020 _a9994020595
040 _cGE_BSU
080 _a796075.8)
100 _a[რედ. გიული კახაძე].
245 _aფიზიკური აღზრდისა და სპორტის თეორიისა და მეთოდიკის საფუძვლები (მე2 ნაწილი) დამხმარე სახელმძვანელო
245 _bფიზიკური აღზრდისა და სპორტის აკადემიის სტუდენტებისათვის
260 _aთბილისი
260 _bთბილისის უნ-ტის
260 _c2004
300 _a192 გვ.
541 _h7 ლ. ლ.
653 _aფიზიკური აღზრდისა და მეთოდიკის საფუძვლები
942 _cBK
999 _c36591
_d36591